| 000 | 00501nam a2200193Ia 4500 | ||
|---|---|---|---|
| 005 | 20140403085009.0 | ||
| 008 | 140130s9999 xx 000 0 und d | ||
| 020 | _a9780439136365 | ||
| 050 |
_aPZ 7 _b.R797Ham 2001 |
||
| 100 |
_aRowling, J.K. _917401 |
||
| 245 |
_cJ.K. Rowling. _aHarry Potter and the prisoner of azkaban / |
||
| 260 |
_bScholastic, _c2001. _aUSA : |
||
| 300 |
_a435 p. : _c24 cm. |
||
| 440 |
_v1 _931174 |
||
| 521 | _aG7 | ||
| 526 | _c880 | ||
| 942 |
_cBK _2lcc |
||
| 999 |
_c41251 _d41251 |
||